| 000 | 00829cam a22002531 4500 | ||
|---|---|---|---|
| 001 | gs 59000219 | ||
| 003 | DLC | ||
| 005 | 20260227111408.0 | ||
| 008 | 750715s1959 xx 000 0 eng | ||
| 010 | _ags 59000219 | ||
| 035 | _a(OCoLC)1449640 | ||
| 040 |
_aDLC _cOAU _dDLC |
||
| 042 | _apremarc | ||
| 050 | 0 | 0 |
_aQE138.M5 _bP3 |
| 082 | _a557.9351 | ||
| 100 | 1 |
_aPage, Benjamin M. _q(Benjamin Markham), _d1911- |
|
| 245 | 1 | 0 | _aGeology of the Candelaria mining district, Mineral County, Nevada. |
| 260 |
_aReno, _bUniversity of Nevada, _c1959. |
||
| 300 |
_a vii, 67, ix-xiii p. _billus., fold. col. map (in pocket) diagrs. _c23 cm. |
||
| 410 | 2 | 0 |
_aNevada Bureau of Mines. _tBulletin _v56 |
| 504 | _aBibliography: p. 63-64. | ||
| 650 | 0 |
_aGeology _zNevada _zMineral County. |
|
| 650 | 0 |
_aOre deposits _zNevada _zMineral County. |
|
| 999 |
_c29366 _d29366 |
||